[Event "Helsingor Xtracon op"]
[Site "Helsingor"]
[Date "2017.07.30"]
[Round "10"]
[White "Haug, Johannes"]
[Black "Bogdanov, Dimitri"]
[Result "1-0"]
[WhiteElo "2328"]
[BlackElo "2139"]
[PlyCount "31"]
[EventDate "2017.07.22"]
[EventType "swiss"]
[EventRounds "10"]
[EventCountry "DEN"]
[SourceTitle "CBM 179 Extra"]
[Source "ChessBase"]
[SourceDate "2017.08.23"]
[SourceVersion "1"]
[SourceVersionDate "2017.08.23"]
[SourceQuality "1"]

1. e4 g6 2. d4 Bg7 3. Nc3 d6 4. f4 c6 5. Nf3 Bg4 6. Be3 Qb6 7. Qd2 Bxf3 8. gxf3 Qa5 9. e5 d5 10. h4 e6 11. h5 Nh6 12. Bd3 Nf5 13. hxg6 fxg6 14. Bxf5 exf5 15. Qg2 Nd7 16. Rxh7 1-0

[Event "Helsingor Xtracon op"]
[Site "Helsingor"]
[Date "2017.07.28"]
[Round "8"]
[White "Bogdanov, Dimitri"]
[Black "Petersen, Tom Petri"]
[Result "1/2-1/2"]
[WhiteElo "2139"]
[BlackElo "2338"]
[PlyCount "71"]
[EventDate "2017.07.22"]
[EventType "swiss"]
[EventRounds "10"]
[EventCountry "DEN"]
[SourceTitle "CBM 179 Extra"]
[Source "ChessBase"]
[SourceDate "2017.08.23"]
[SourceVersion "1"]
[SourceVersionDate "2017.08.23"]
[SourceQuality "1"]

1. e4 g6 2. d4 Bg7 3. Nc3 a6 4. f4 d5 5. Nxd5 e6 6. Ne3 Qxd4 7. Bd3 Qb4+ 8. Bd2 Qxb2 9. e5 Nc6 10. Ne2 Qa3 11. Rb1 Qe7 12. Be4 Qd7 13. 0-0 Nge7 14. Qe1 b6 15. c4 Bb7 16. c5 b5 17. a4 Nd8 18. Bxb7 Nxb7 19. axb5 Nxc5 20. b6 cxb6 21. Rxb6 0-0 22. Bb4 Qc7 23. Ba5 Nb7 24. Qc3 Qxc3 25. Bxc3 Nc5 26. Bb4 Rfc8 27. Rc1 Na4 28. Rb7 Rxc1+ 29. Nxc1 Nc6 30. Bd6 Na5 31. Rc7 Bf8 32. Bxf8 Kxf8 33. Ng4 Kg7 34. Nf6 Nb6 35. Nd3 Rc8 36. Ra7 1/2-1/2

[Event "Helsingor Xtracon op"]
[Site "Helsingor"]
[Date "2017.07.23"]
[Round "2"]
[White "Sokolov, Ivan"]
[Black "Bogdanov, Dimitri"]
[Result "1-0"]
[WhiteElo "2626"]
[BlackElo "2139"]
[PlyCount "31"]
[EventDate "2017.07.22"]
[EventType "swiss"]
[EventRounds "10"]
[EventCountry "DEN"]
[SourceTitle "CBM 179 Extra"]
[Source "ChessBase"]
[SourceDate "2017.08.23"]
[SourceVersion "1"]
[SourceVersionDate "2017.08.23"]
[SourceQuality "1"]

1. d4 g6 2. e4 Bg7 3. Nc3 d6 4. f4 c6 5. Nf3 b5 6. Bd3 a6 7. Be3 Nd7 8. e5 Nb6 9. Qe2 d5 10. a4 Rb8 11. b3 Nh6 12. h3 Nf5 13. Bf2 h5 14. Rg1 Bh6 15. g4 Nxd4 16. Bxd4 1-0

[Event "Politiken Cup 27th"]
[Site "Copenhagen"]
[Date "2005.07.22"]
[Round "8"]
[White "Hansen, Morten Lyck"]
[Black "Bogdanov, Dimitri"]
[Result "1-0"]
[WhiteElo "2002"]
[BlackElo "2108"]
[PlyCount "47"]
[EventDate "2005.07.16"]
[EventType "swiss"]
[EventRounds "10"]
[EventCountry "DEN"]
[SourceTitle "CBM 107 Extra"]
[Source "ChessBase"]
[SourceDate "2005.09.01"]
[SourceVersion "1"]
[SourceVersionDate "2005.09.01"]
[SourceQuality "1"]

1. e4 g6 2. d4 Bg7 3. Nc3 d6 4. f4 Nf6 5. Nf3 0-0 6. Bd3 Na6 7. e5 Nd7 8. Ne4 c5 9. c3 cxd4 10. cxd4 Nb4 11. Bb1 Nb6 12. Nfg5 dxe5 13. fxe5 Nc6 14. Be3 Nc4 15. Bf2 Qa5+ 16. Kf1 Nxb2 17. Qc1 Nd3 18. Bxd3 Nb4 19. Qd2 Qa3 20. Be2 Bd7 21. Qc3 Qxc3 22. Nxc3 Rac8 23. Nce4 f5 24. Nc5 1-0

[Event "Politiken Cup 27th"]
[Site "Copenhagen"]
[Date "2005.07.17"]
[Round "2"]
[White "Jakobsen, Ole"]
[Black "Bogdanov, Dimitri"]
[Result "1/2-1/2"]
[WhiteElo "2385"]
[BlackElo "2108"]
[PlyCount "170"]
[EventDate "2005.07.16"]
[EventType "swiss"]
[EventRounds "10"]
[EventCountry "DEN"]
[SourceTitle "CBM 107 Extra"]
[Source "ChessBase"]
[SourceDate "2005.09.01"]
[SourceVersion "1"]
[SourceVersionDate "2005.09.01"]
[SourceQuality "1"]

1. d4 g6 2. e4 Bg7 3. c4 d6 4. Nc3 Nc6 5. Nge2 e5 6. Be3 f5 7. exf5 Bxf5 8. d5 Nce7 9. Qd2 Bd7 10. Ng3 Nf5 11. Nxf5 gxf5 12. f3 Bh6 13. 0-0-0 Bxe3 14. Qxe3 f4 15. Qd2 Ne7 16. g3 0-0 17. Bd3 Bf5 18. Rdg1 Kh8 19. Ne4 Ng6 20. g4 Bxe4 21. Bxe4 Nh4 22. Qd3 h6 23. Kb1 Qg5 24. Qc2 b6 25. h3 Rg8 26. Qf2 a5 27. Rc1 Kg7 28. Rc2 Rh8 29. Qe1 Kf6 30. a3 a4 31. Qc3 Ra5 32. Qd3 Rha8 33. Rhh2 Ke7 34. Qe2 Kf6 35. Rc3 Qg7 36. Bc2 Qg5 37. Qe1 R8a7 38. Qe4 Ra8 39. Ka2 R8a7 40. Qe1 Ra8 41. Be4 R8a7 42. Qf2 Ke7 43. Rh1 Rc5 44. Rhc1 Raa5 45. R3c2 Ra7 46. Rd1 Rca5 47. Rd3 R5a6 48. Rc1 Ra5 49. Rdc3 Rc5 50. Rb1 Rca5 51. Qc2 Kf6 52. Qf2 Ke7 53. Re1 Kf6 54. Bc2 Ra8 55. Rg1 R8a7 56. Qe1 Ra8 57. Qd1 Ke7 58. Qd3 Rg8 59. Qd2 Kf6 60. Qf2 Rga8 61. Bd3 Rc5 62. Rc2 Ke7 63. Re1 Kf6 64. Be4 Ra6 65. Qd2 Ra7 66. Rcc1 Ra6 67. Qe2 Ra7 68. Qf2 Ra8 69. Rc3 Ra6 70. Re2 Ra7 71. Rd2 Ra6 72. Bd3 Ra8 73. Be4 Ra6 74. Rd1 Ra7 75. Rb1 Ke7 76. Qc2 Kf6 77. b4 axb3+ 78. Rbxb3 Rca5 79. Rb5 Qg8 80. Rxa5 Rxa5 81. Qe2 Kg5 82. Rb3 Qa8 83. Bc2 Qg8 84. Qd3 Qg6 85. Qe2 Qg8 1/2-1/2

[Event "Politiken Cup 26th"]
[Site "Copenhagen"]
[Date "2004.07.29"]
[Round "7"]
[White "Bogdanov, Dimitri"]
[Black "Bank, Pelle Rodkjaer"]
[Result "0-1"]
[WhiteElo "2129"]
[BlackElo "2277"]
[PlyCount "52"]
[EventDate "2004.07.24"]
[EventType "swiss"]
[EventRounds "10"]
[EventCountry "DEN"]
[SourceTitle "CBM 101 Extra"]
[Source "ChessBase"]
[SourceDate "2004.09.01"]
[SourceVersion "2"]
[SourceVersionDate "2004.09.01"]
[SourceQuality "1"]

1. e4 g6 2. d4 Bg7 3. Nc3 c6 4. Bc4 d6 5. Qf3 e6 6. Bf4 b5 7. Bb3 a5 8. a3 Ba6 9. Nge2 Qc7 10. 0-0 Nd7 11. Rfd1 Rc8 12. Qh3 Nb6 13. d5 e5 14. Be3 c5 15. a4 b4 16. Nb5 Qd8 17. c4 Nf6 18. f3 0-0 19. Rdc1 Ra8 20. Bg5 Qb8 21. Qh4 Nbd7 22. Bc2 Kh8 23. Rf1 Ng8 24. Be7 Nxe7 25. Qxe7 Bxb5 26. axb5 Nf6 0-1

[Event "Copenhagen AS04 Centenary"]
[Site "Copenhagen"]
[Date "2004.02.13"]
[Round "7"]
[White "Bogdanov, Dimitri"]
[Black "Skovgaard, Peter"]
[Result "1-0"]
[WhiteElo "2140"]
[BlackElo "2035"]
[PlyCount "67"]
[EventDate "2004.02.07"]
[EventType "swiss"]
[EventRounds "9"]
[EventCountry "DEN"]
[SourceTitle "CBM 098 Extra"]
[Source "ChessBase"]
[SourceDate "2004.03.10"]
[SourceVersion "2"]
[SourceVersionDate "2004.03.10"]
[SourceQuality "1"]

1. e4 c5 2. Nc3 a6 3. g3 b5 4. Bg2 Bb7 5. d3 e6 6. f4 Nf6 7. Nh3 d5 8. e5 Nfd7 9. 0-0 g6 10. Nf2 Nc6 11. Ne2 Qc7 12. a4 bxa4 13. Rxa4 Nb6 14. Ra1 Be7 15. g4 f6 16. exf6 Bxf6 17. f5 Be5 18. Ng3 exf5 19. gxf5 0-0-0 20. Ng4 Bd4+ 21. Kh1 h5 22. Bf4 Qh7 23. fxg6 Qxg6 24. Ne3 Be5 25. Bxe5 Nxe5 26. d4 cxd4 27. Qxd4 Rhe8 28. Ra3 h4 29. Ngf5 Nec4 30. Nxc4 Nxc4 31. Rc3 Kb8 32. Nxh4 Qb6 33. Rxc4 Qh6 34. Qf4+ 1-0

[Event "Copenhagen AS04 Centenary"]
[Site "Copenhagen"]
[Date "2004.02.08"]
[Round "2"]
[White "Bogdanov, Dimitri"]
[Black "Rozentalis, Eduardas"]
[Result "0-1"]
[WhiteElo "2140"]
[BlackElo "2625"]
[PlyCount "86"]
[EventDate "2004.02.07"]
[EventType "swiss"]
[EventRounds "9"]
[EventCountry "DEN"]
[SourceTitle "CBM 098 Extra"]
[Source "ChessBase"]
[SourceDate "2004.03.10"]
[SourceVersion "2"]
[SourceVersionDate "2004.03.10"]
[SourceQuality "1"]

1. e4 e6 2. Qe2 g6 3. h4 Bg7 4. h5 Nc6 5. Nf3 g5 6. c3 h6 7. d4 d5 8. Nbd2 Nge7 9. exd5 exd5 10. Ne5 Nxe5 11. dxe5 Nc6 12. f4 gxf4 13. Nf3 Bg4 14. Bxf4 Qe7 15. 0-0-0 0-0-0 16. Qf2 Bxf3 17. gxf3 Bxe5 18. Bxe5 Qxe5 19. Bb5 Kb8 20. Bxc6 bxc6 21. Rh4 Rhe8 22. Rb4+ Ka8 23. Ra4 Qe3+ 24. Qxe3 Rxe3 25. Rf4 Rd7 26. Rg1 c5 27. Rg7 Re5 28. Rfxf7 Rxf7 29. Rxf7 Kb7 30. f4 Rxh5 31. f5 Kc6 32. Rh7 Kd6 33. f6 a5 34. f7 Ke7 35. f8Q+ Kxf8 36. Rxc7 c4 37. Ra7 Re5 38. Rxa5 h5 39. Ra8+ Kg7 40. Ra7+ Kg6 41. Ra8 h4 42. Rh8 Rh5 43. Rg8+ Kf5 0-1

[Event "DEN-ch M5"]
[Site "Koge"]
[Date "2004.??.??"]
[Round "1"]
[White "Bogdanov, Dimitri"]
[Black "Christensen, Thomas"]
[Result "1/2-1/2"]
[WhiteElo "2123"]
[BlackElo "2235"]
[PlyCount "60"]
[EventDate "2004.04.08"]
[EventType "swiss"]
[EventRounds "5"]
[EventCountry "DEN"]
[SourceTitle "EXT 2018"]
[Source "ChessBase"]
[SourceDate "2017.10.13"]
[SourceVersion "1"]
[SourceVersionDate "2017.10.13"]
[SourceQuality "1"]

1. e4 c6 2. d4 d5 3. exd5 Qxd5 4. c4 Qd6 5. Nc3 Bf5 6. Nge2 Nf6 7. Bf4 Qb4 8. Ng3 Bg6 9. Qd2 e6 10. h4 h6 11. h5 Bh7 12. a3 Qb3 13. Rc1 Nbd7 14. Be2 Qb6 15. 0-0 Be7 16. d5 Nc5 17. Rce1 Qb3 18. Qe3 Nfd7 19. dxe6 Nxe6 20. Bg4 Qxc4 21. Bxe6 fxe6 22. Qxe6 Qxe6 23. Rxe6 Nc5 24. Re3 Kf7 25. Nge4 Nxe4 26. Nxe4 Rad8 27. Rfe1 Rhe8 28. Bc7 Rc8 29. Nd6+ Bxd6 30. Bxd6 Rxe3 1/2-1/2

[Event "Farum 60 years op"]
[Site "Farum"]
[Date "2003.10.13"]
[Round "2"]
[White "Larsen, Knud Albert"]
[Black "Bogdanov, Dimitri"]
[Result "0-1"]
[WhiteElo "1830"]
[BlackElo "2111"]
[PlyCount "126"]
[EventDate "2003.10.12"]
[EventType "swiss"]
[EventRounds "7"]
[EventCountry "DEN"]
[SourceTitle "EXT 2018"]
[Source "ChessBase"]
[SourceDate "2017.10.13"]
[SourceVersion "1"]
[SourceVersionDate "2017.10.13"]
[SourceQuality "1"]

1. e4 g6 2. Nc3 Bg7 3. f4 c5 4. Nf3 a6 5. a4 Nc6 6. Bc4 e6 7. 0-0 Nge7 8. Qe1 Nd4 9. Nxd4 cxd4 10. Ne2 d5 11. exd5 Nxd5 12. d3 0-0 13. Qf2 Ne3 14. Bxe3 dxe3 15. Qxe3 Bxb2 16. Rab1 Bg7 17. Rb6 Bd7 18. a5 Bc6 19. c3 Qd6 20. Rfb1 Qa3 21. R1b3 Qxa5 22. d4 Bb5 23. R6xb5 axb5 24. Rxb5 Qa1+ 25. Kf2 Qh1 26. Kg3 Qe1+ 27. Kf3 Rfc8 28. Bb3 h5 29. Rxb7 Rcb8 30. Qe4 Rxb7 31. Qxb7 Ra3 32. d5 Qb1 33. Qc8+ Kh7 34. dxe6 fxe6 35. Bxe6 Qf1+ 36. Ke3 Qxg2 37. h4 Ra8 38. Qd7 Qh2 39. Qe7 Rf8 40. c4 Ra8 41. c5 Ra3+ 42. Kd2 Qf2 43. Bc4 Ra4 44. Bg8+ Kh8 45. Qe8 Rd4+ 46. Kc2 Rxf4 47. Bf7+ Kh7 48. Bxg6+ Kh6 49. Bd3 Qxc5+ 50. Kd2 Qb4+ 51. Ke3 Rf6 52. Qe4 Qxe4+ 53. Bxe4 Ra6 54. Nf4 Ra3+ 55. Bd3 Bf6 56. Ng2 Ra1 57. Kf3 Rh1 58. Kg3 Be5+ 59. Kf2 Rh3 60. Bf5 Bd4+ 61. Ke2 Rg3 62. Ne1 Re3+ 63. Kf1 Bc3 0-1

[Event "Internet Section 17-A"]
[Site "Dos Hermanas"]
[Date "2003.03.17"]
[Round "8"]
[White "Schiller, Eric Andrew"]
[Black "Bogdanov, Dimitri"]
[Result "1-0"]
[WhiteElo "2199"]
[BlackElo "2106"]
[PlyCount "33"]
[EventDate "2003.03.17"]
[EventType "swiss (blitz)"]
[EventRounds "9"]
[EventCountry "ESP"]
[SourceTitle "EXT 2004"]
[Source "ChessBase"]
[SourceDate "2003.11.25"]
[SourceVersion "1"]
[SourceVersionDate "2003.11.25"]
[SourceQuality "1"]

1. d4 g6 2. Nf3 Bg7 3. e3 d6 4. c4 Nf6 5. Nc3 0-0 6. Be2 Nbd7 7. 0-0 e5 8. b4 Re8 9. a4 a5 10. b5 c6 11. Qc2 Nf8 12. dxe5 dxe5 13. Ba3 Qc7 14. Rfd1 e4 15. Bd6 Qd7 16. Bxf8 Qxd1+ 17. Bxd1 1-0

[Event "Hillerod NSU op"]
[Site "Hillerod"]
[Date "2003.01.05"]
[Round "4"]
[White "Noer, Martin Stampe"]
[Black "Bogdanov, Dimitri"]
[Result "1/2-1/2"]
[WhiteElo "1847"]
[BlackElo "2075"]
[PlyCount "80"]
[EventDate "2003.01.03"]
[EventType "swiss"]
[EventRounds "5"]
[EventCountry "DEN"]
[SourceTitle "EXT 2023"]
[Source "ChessBase"]
[SourceDate "2022.10.05"]
[SourceVersion "1"]
[SourceVersionDate "2022.10.05"]
[SourceQuality "1"]

1. d4 g6 2. Nf3 Bg7 3. c3 d6 4. Bf4 Nf6 5. Nbd2 0-0 6. e3 c5 7. Bc4 Nc6 8. 0-0 a6 9. a4 b6 10. Re1 Bb7 11. h3 Nd7 12. Qc2 Rc8 13. Qd3 Ndb8 14. Rad1 Qd7 15. Bd5 cxd4 16. exd4 Nb4 17. cxb4 Bxd5 18. b3 Qb7 19. b5 Rc7 20. Rc1 Rfc8 21. Rxc7 Rxc7 22. Ne4 Qc8 23. bxa6 Nxa6 24. Qb5 Bxe4 25. Rxe4 Qf5 26. Qxf5 gxf5 27. Re1 Nb4 28. Rc1 Rc6 29. Be3 d5 30. Kf1 h5 31. Ke2 Rg6 32. g3 Re6 33. Kd2 Bf6 34. h4 Nc6 35. Kd3 Na5 36. Nd2 Rd6 37. Bf4 Rc6 38. Rxc6 Nxc6 39. Nf3 e6 40. Ne5 Na5 1/2-1/2

[Event "Hillerod NSU op"]
[Site "Hillerod"]
[Date "2003.01.04"]
[Round "3"]
[White "Bogdanov, Dimitri"]
[Black "Erichsen, Dan"]
[Result "0-1"]
[WhiteElo "2075"]
[BlackElo "2084"]
[PlyCount "72"]
[EventDate "2003.01.03"]
[EventType "swiss"]
[EventRounds "5"]
[EventCountry "DEN"]
[SourceTitle "EXT 2023"]
[Source "ChessBase"]
[SourceDate "2022.10.05"]
[SourceVersion "1"]
[SourceVersionDate "2022.10.05"]
[SourceQuality "1"]

1. e4 e5 2. Nf3 Nc6 3. Bb5 a6 4. Ba4 Nf6 5. 0-0 Nxe4 6. d4 b5 7. Bb3 d5 8. dxe5 Be6 9. Qe2 Nc5 10. Rd1 Nxb3 11. axb3 Be7 12. Nc3 Nb4 13. Ne4 Bf5 14. Nf6+ gxf6 15. exf6 Bxc2 16. Bg5 Bxd1 17. Rxd1 Qd6 18. fxe7 f6 19. Bd2 Nc6 20. Nh4 Qxe7 21. Qh5+ Qf7 22. Qe2+ Kd8 23. Bf4 Kc8 24. Qc2 Kb7 25. Nf5 Rad8 26. Rc1 Qd7 27. Qc5 d4 28. Ng3 Rhe8 29. f3 Qd5 30. Qxd5 Rxd5 31. Ne4 Red8 32. Nc5+ Kb6 33. Nxa6 R8d7 34. b4 Re7 35. Kf1 d3 36. Bd2 Re2 0-1

[Event "Vanlose Summer op"]
[Site "Vanlose"]
[Date "2002.08.04"]
[Round "7"]
[White "Askgaard, Jens"]
[Black "Bogdanov, Dimitri"]
[Result "1/2-1/2"]
[WhiteElo "2106"]
[BlackElo "2052"]
[PlyCount "41"]
[EventDate "2002.07.29"]
[EventType "swiss"]
[EventRounds "7"]
[EventCountry "DEN"]
[SourceTitle "EXT 2018"]
[Source "ChessBase"]
[SourceDate "2017.10.13"]
[SourceVersion "1"]
[SourceVersionDate "2017.10.13"]
[SourceQuality "1"]

1. d4 g6 2. c4 Bg7 3. e4 d6 4. Nc3 Nc6 5. Be3 e5 6. Nge2 Nh6 7. d5 Ne7 8. f3 f5 9. Qd2 Nf7 10. Nc1 0-0 11. Bd3 c6 12. Nb3 cxd5 13. cxd5 Bd7 14. 0-0-0 a6 15. Kb1 b5 16. a3 Nc8 17. Rc1 Bf6 18. Na2 a5 19. Qe2 Rb8 20. Bd2 fxe4 21. fxe4 1/2-1/2

[Event "Vanlose Summer op"]
[Site "Vanlose"]
[Date "2002.08.01"]
[Round "4"]
[White "Bogdanov, Dimitri"]
[Black "Nielsen, Jan Mose"]
[Result "0-1"]
[WhiteElo "2052"]
[BlackElo "2037"]
[PlyCount "94"]
[EventDate "2002.07.29"]
[EventType "swiss"]
[EventRounds "7"]
[EventCountry "DEN"]
[SourceTitle "EXT 2018"]
[Source "ChessBase"]
[SourceDate "2017.10.13"]
[SourceVersion "1"]
[SourceVersionDate "2017.10.13"]
[SourceQuality "1"]

1. e4 c5 2. Nc3 Nc6 3. f4 g6 4. Nf3 Bg7 5. Bb5 Nd4 6. 0-0 Nxb5 7. Nxb5 a6 8. Nc3 d6 9. d3 b5 10. Qe1 Bb7 11. Be3 b4 12. Nd1 e6 13. f5 Nf6 14. fxe6 fxe6 15. e5 Ng4 16. Ng5 Bxe5 17. Nf7 Qd7 18. Nxh8 Bxh8 19. Bg5 Be5 20. h3 h6 21. Bf4 g5 22. Bxe5 Nxe5 23. Rf6 Qg7 24. Qf2 Ke7 25. d4 cxd4 26. Qxd4 Qxf6 27. Qxb4 Bc6 28. Ne3 Qf4 29. Qb6 Nd7 30. Qxc6 Qxe3+ 31. Kh1 Rf8 32. Rd1 Qc5 33. Qxa6 h5 34. c3 g4 35. b4 Qe5 36. Qd3 gxh3 37. Qxh3 Qf4 38. Qxh5 Rf6 39. Qh7+ Kd8 40. Qd3 Rh6+ 41. Kg1 Qh2+ 42. Kf1 Rf6+ 43. Ke1 Qxg2 44. Rd2 Qg1+ 45. Ke2 Rf2+ 46. Ke3 Qg3+ 47. Kd4 Rf4+ 0-1

[Event "Vanlose Summer op"]
[Site "Vanlose"]
[Date "2002.07.31"]
[Round "3"]
[White "Andersen, Rune"]
[Black "Bogdanov, Dimitri"]
[Result "0-1"]
[WhiteElo "2021"]
[BlackElo "2052"]
[PlyCount "80"]
[EventDate "2002.07.29"]
[EventType "swiss"]
[EventRounds "7"]
[EventCountry "DEN"]
[SourceTitle "EXT 2018"]
[Source "ChessBase"]
[SourceDate "2017.10.13"]
[SourceVersion "1"]
[SourceVersionDate "2017.10.13"]
[SourceQuality "1"]

1. d4 g6 2. e4 Bg7 3. f4 c5 4. c3 cxd4 5. cxd4 Qb6 6. Nf3 Nc6 7. e5 d6 8. Nc3 Bg4 9. Bb5 0-0-0 10. Bxc6 bxc6 11. 0-0 dxe5 12. fxe5 Bxe5 13. Qe1 Bf6 14. Be3 Bxf3 15. Rxf3 Bxd4 16. Kh1 Bxe3 17. Rxe3 e6 18. Ne4 Ne7 19. Rb3 Qd4 20. Rc1 Rd5 21. Rb4 Qe5 22. Qf2 Rhd8 23. Qf1 f5 24. Nc3 Rd3 25. Rc4 R8d4 26. Rxd4 Qxd4 27. Qe2 Qe3 28. Qf1 e5 29. Na4 Rd5 30. Nc3 Rd7 31. Re1 Qc5 32. Rc1 Qa5 33. Qc4 e4 34. b4 Qa3 35. Nb5 Qd3 36. Nxa7+ Rxa7 37. Qc5 Rd7 38. h3 Qd5 39. Qb6 Rb7 40. Qa6 Qb5 0-1

[Event "Politiken Cup 24th"]
[Site "Copenhagen"]
[Date "2002.07.25"]
[Round "10"]
[White "Royset, Pal"]
[Black "Bogdanov, Dimitri"]
[Result "1-0"]
[WhiteElo "2252"]
[BlackElo "2096"]
[PlyCount "77"]
[EventDate "2002.07.15"]
[EventType "swiss"]
[EventRounds "11"]
[EventCountry "DEN"]
[SourceTitle "CBM 089 Extra"]
[Source "ChessBase"]
[SourceDate "2002.09.10"]
[SourceVersion "2"]
[SourceVersionDate "2002.09.10"]
[SourceQuality "1"]

1. e4 g6 2. d4 Bg7 3. Nc3 d6 4. Be3 c6 5. Qd2 b5 6. a4 b4 7. Nd1 a5 8. c3 bxc3 9. bxc3 Nf6 10. f3 0-0 11. h4 h5 12. Nh3 Bxh3 13. Rxh3 Nbd7 14. Rg3 e5 15. Bh6 exd4 16. Bxg7 Kxg7 17. cxd4 Re8 18. Bd3 Nd5 19. Rg5 Qf6 20. Bc4 N5b6 21. Be2 c5 22. Ne3 cxd4 23. Qxd4 Re5 24. Rd1 Rxg5 25. hxg5 Qxd4 26. Rxd4 Nc5 27. Bb5 Rb8 28. Ke2 Ne6 29. Rxd6 Nxg5 30. Nd5 Nxd5 31. exd5 Ra8 32. Ke3 h4 33. Ra6 Rc8 34. f4 h3 35. gxh3 Nxh3 36. d6 Rc3+ 37. Kd4 Rc1 38. d7 Rd1+ 39. Ke3 1-0

[Event "Politiken Cup 24th"]
[Site "Copenhagen"]
[Date "2002.07.18"]
[Round "4"]
[White "Li, Mike"]
[Black "Bogdanov, Dimitri"]
[Result "0-1"]
[WhiteElo "1475"]
[BlackElo "2096"]
[PlyCount "60"]
[EventDate "2002.07.15"]
[EventType "swiss"]
[EventRounds "11"]
[EventCountry "DEN"]
[SourceTitle "CBM 089 Extra"]
[Source "ChessBase"]
[SourceDate "2002.09.10"]
[SourceVersion "2"]
[SourceVersionDate "2002.09.10"]
[SourceQuality "1"]

1. d4 g6 2. c4 Bg7 3. Nc3 d6 4. e4 Nc6 5. Be3 e5 6. d5 Nce7 7. Bd3 f5 8. f3 Nf6 9. Nge2 c6 10. Qd2 0-0 11. Nc1 fxe4 12. fxe4 cxd5 13. cxd5 Ng4 14. Be2 Nxe3 15. Qxe3 Kh8 16. g4 Ng8 17. g5 Bd7 18. Nd3 b5 19. b4 a5 20. Rc1 axb4 21. Nxb4 Ra3 22. Nc2 Rxc3 23. Qxc3 Qxg5 24. Kd1 Bh6 25. Rb1 Qg2 26. Re1 Qxe4 27. Bxb5 Bg4+ 28. Be2 Qxd5+ 29. Nd4 exd4 30. Qd3 Bf5 0-1

[Event "Politiken Cup 24th"]
[Site "Copenhagen"]
[Date "2002.07.15"]
[Round "1"]
[White "Bogdanov, Dimitri"]
[Black "Dogru, Latif"]
[Result "1-0"]
[WhiteElo "2096"]
[BlackElo "1224"]
[PlyCount "49"]
[EventDate "2002.07.15"]
[EventType "swiss"]
[EventRounds "11"]
[EventCountry "DEN"]
[SourceTitle "CBM 089 Extra"]
[Source "ChessBase"]
[SourceDate "2002.09.10"]
[SourceVersion "2"]
[SourceVersionDate "2002.09.10"]
[SourceQuality "1"]

1. e4 c5 2. Nc3 g6 3. f4 Bg7 4. Nf3 d6 5. Bb5+ Bd7 6. Bxd7+ Nxd7 7. 0-0 Ngf6 8. d3 0-0 9. Qe1 Re8 10. Qh4 Rc8 11. f5 Nh5 12. g4 Bf6 13. Bg5 Bxg5 14. Nxg5 Nhf6 15. fxg6 fxg6 16. Ne6 Qb6 17. Qh6 Kf7 18. Ng5+ Kg8 19. Nxh7 Qxb2 20. Qxg6+ Kh8 21. Ng5 Ne5 22. Qh6+ Kg8 23. Nd5 Qd4+ 24. Kh1 Nexg4 25. Qg6+ 1-0

[Event "San Martino di Castrozza op 2nd"]
[Site "San Martino di Castrozza"]
[Date "2001.07.04"]
[Round "4"]
[White "Bogdanov, Dimitri"]
[Black "Dallaglio, Giovanni"]
[Result "1-0"]
[WhiteElo "2091"]
[BlackElo "2059"]
[PlyCount "75"]
[EventDate "2001.07.01"]
[EventType "swiss"]
[EventRounds "6"]
[EventCountry "ITA"]
[SourceTitle "EXT 2024"]
[Source "ChessBase"]
[SourceDate "2023.10.10"]
[SourceVersion "1"]
[SourceVersionDate "2023.10.10"]
[SourceQuality "1"]

1. e4 c6 2. Nc3 d5 3. Nf3 Bg4 4. Be2 dxe4 5. Nxe4 Nd7 6. d4 Ngf6 7. Ng3 e6 8. 0-0 Bd6 9. c4 Qc7 10. c5 Be7 11. b4 a5 12. bxa5 Rxa5 13. Bd2 Ra7 14. a4 Nd5 15. Ne4 N7f6 16. Neg5 0-0 17. h3 Bxf3 18. Nxf3 Ne4 19. Bc4 Rd8 20. Re1 Nxd2 21. Qxd2 Bf6 22. g3 Ne7 23. g4 Ng6 24. g5 Be7 25. Qe3 Qf4 26. Qxf4 Nxf4 27. h4 Ng6 28. Bb3 Bf8 29. Rad1 Raa8 30. Kh2 Ne7 31. h5 Nf5 32. g6 hxg6 33. hxg6 fxg6 34. Rxe6 Kh8 35. Rxg6 Rd7 36. Be6 Ne7 37. Kg2 Kh7 38. Ne5 1-0

[Event "San Martino di Castrozza op 2nd"]
[Site "San Martino di Castrozza"]
[Date "2001.07.02"]
[Round "2"]
[White "Bogdanov, Dimitri"]
[Black "Popa, Claudio"]
[Result "0-1"]
[WhiteElo "2091"]
[BlackElo "2057"]
[PlyCount "44"]
[EventDate "2001.07.01"]
[EventType "swiss"]
[EventRounds "6"]
[EventCountry "ITA"]
[SourceTitle "EXT 2024"]
[Source "ChessBase"]
[SourceDate "2023.10.10"]
[SourceVersion "1"]
[SourceVersionDate "2023.10.10"]
[SourceQuality "1"]

1. e4 e5 2. Nf3 Nc6 3. Bb5 a6 4. Ba4 f5 5. d4 exd4 6. Nxd4 Nxd4 7. Qxd4 c5 8. Qe5+ Qe7 9. Qxe7+ Bxe7 10. c4 fxe4 11. Nc3 Nf6 12. 0-0 b6 13. Re1 Bb7 14. Bc2 0-0 15. Nxe4 Rae8 16. Nxf6+ Bxf6 17. Be3 d5 18. cxd5 Bxd5 19. Red1 Bc4 20. Bd3 Bxd3 21. Rxd3 Bxb2 22. Rb1 c4 0-1

[Event "San Martino di Castrozza op 2nd"]
[Site "San Martino di Castrozza"]
[Date "2001.07.01"]
[Round "1"]
[White "Capata, Ion"]
[Black "Bogdanov, Dimitri"]
[Result "1/2-1/2"]
[WhiteElo "1948"]
[BlackElo "2091"]
[PlyCount "100"]
[EventDate "2001.07.01"]
[EventType "swiss"]
[EventRounds "6"]
[EventCountry "ITA"]
[SourceTitle "EXT 2024"]
[Source "ChessBase"]
[SourceDate "2023.10.10"]
[SourceVersion "1"]
[SourceVersionDate "2023.10.10"]
[SourceQuality "1"]

1. e4 g6 2. d4 Bg7 3. Nc3 d6 4. f4 Nf6 5. Nf3 0-0 6. Be2 Na6 7. 0-0 c5 8. Bxa6 cxd4 9. Nxd4 bxa6 10. Rb1 Bb7 11. Qd3 Qb6 12. Be3 Ng4 13. Nf5 Qc7 14. Nxg7 Nxe3 15. Qxe3 Kxg7 16. Rf3 Qb6 17. Rbf1 Rac8 18. f5 f6 19. Kh1 Qxe3 20. Rxe3 Kf7 21. Kg1 g5 22. Rd1 h5 23. Rd4 Rc7 24. Kf2 Rfc8 25. Rh3 h4 26. Ke2 a5 27. Re3 Ba6+ 28. Kd1 Rb8 29. b3 Rbc8 30. Kd2 Bf1 31. g3 hxg3 32. hxg3 Rh8 33. Rd5 Rh2+ 34. Kc1 a4 35. bxa4 Bc4 36. Rd1 Bxa2 37. Rd2 Rxd2 38. Kxd2 Bc4 39. Nd1 d5 40. Nb2 d4 41. Re1 e5 42. Nxc4 Rxc4 43. Ra1 Ke7 44. a5 Rc5 45. Rb1 Rxa5 46. Rb7+ Kd8 47. g4 Ra6 48. Kd3 Kc8 49. Rf7 Rc6 50. Rxa7 Rc3+ 1/2-1/2

[Event "Birkerod EMT op"]
[Site "Birkerod"]
[Date "2001.??.??"]
[Round "?"]
[White "Bonnez, Finn"]
[Black "Bogdanov, Dimitri"]
[Result "1/2-1/2"]
[WhiteElo "2085"]
[BlackElo "2084"]
[PlyCount "41"]
[EventDate "2001.??.??"]
[EventType "swiss"]
[EventRounds "5"]
[EventCountry "DEN"]
[SourceTitle "EXT 2005"]
[Source "ChessBase"]
[SourceDate "2004.11.15"]
[SourceVersion "1"]
[SourceVersionDate "2004.11.15"]
[SourceQuality "1"]

1. d4 Nf6 2. Nf3 g6 3. e3 Bg7 4. Bd3 0-0 5. 0-0 d6 6. c3 Nbd7 7. Qc2 e5 8. Nbd2 Re8 9. b3 Nh5 10. Bb2 c6 11. Rfe1 d5 12. e4 Nf4 13. exd5 Nxd3 14. Qxd3 cxd5 15. dxe5 Nxe5 16. Nxe5 Rxe5 17. Rxe5 Bxe5 18. Re1 Bf6 19. Qb5 Qd6 20. Qe8+ Kg7 21. Nf3 1/2-1/2